[Event "Medellin de La Raza U2000 op"]
[Site "Medellin"]
[Date "2023.10.12"]
[Round "1"]
[White "Vargas Restrepo, Daniela"]
[Black "Garces Suaza, Carlos Daniel"]
[Result "0-1"]
[WhiteElo "1508"]
[BlackElo "1562"]
[PlyCount "58"]
[EventDate "2023.10.12"]
[EventType "swiss"]
[EventRounds "9"]
[EventCountry "COL"]
[SourceTitle "Mega2024 Update 01"]
[Source "Chessbase"]
[SourceDate "2023.11.12"]
[SourceVersion "1"]
[SourceVersionDate "2023.11.12"]
[SourceQuality "1"]

1. e4 c5 2. Nc3 d6 3. Bc4 Nc6 4. Qf3 e6 5. d3 Nf6 6. Bg5 Be7 7. 0-0-0 a6 8. a3 Rb8 9. Be3 b5 10. Ba2 b4 11. axb4 Rxb4 12. Nge2 Qb6 13. b3 Nd4 14. Bxd4 cxd4 15. Na4 Qa5 16. c3 dxc3 17. Nexc3 0-0 18. h4 Qc7 19. h5 Rxa4 20. Kb2 Ra5 21. h6 g6 22. b4 Rh5 23. g4 Rxh1 24. Rxh1 Nd7 25. Rc1 Bf6 26. Qe3 Qb6 27. Qxb6 Nxb6 28. f4 Na4+ 29. Kb3 Nxc3 0-1